书目信息 |
| 题名: |
地球奇观
|
|
| 作者: | 张小英 编 | |
| 分册: | ||
| 出版信息: | 乌鲁木齐 新疆青少年出版社 2005.08 |
|
| 页数: | 317页 | |
| 开本: | 20cm | |
| 丛书名: | ||
| 单 册: | ||
| 中图分类: | N49 | |
| 科图分类: | ||
| 主题词: | 自然科学--zi ran ke xue--普及读物 | |
| 电子资源: | ||
| ISBN: | 7-5371-4483-4 | |
| 000 | 00728nam0 2200217 450 | |
| 001 | 012006694654 | |
| 005 | 20060912161430.34 | |
| 010 | @a7-5371-4483-4@dCNY16.80 | |
| 100 | @a20060619d2005 km y0chiy0120 ea | |
| 101 | 0 | @achi |
| 102 | @aCN@b650000 | |
| 105 | @aa z 000yy | |
| 200 | 1 | @a地球奇观@Adi qiu qi guan@f张小英编@Fzhang xiao ying bian |
| 210 | @a乌鲁木齐@c新疆青少年出版社@d2005.08 | |
| 215 | @a317页@c图@d20cm | |
| 330 | @a收集了地球上自然科学领域的神奇现象,包括:奇异的彩色沙漠,世界最寒冷的乡村,失眠小镇,世界各地的怪湖,火山奇观等内容。 | |
| 606 | 0 | @a自然科学@Azi ran ke xue@x普及读物 |
| 690 | @aN49@v4 | |
| 701 | 0 | @a张小英@Azhang xiao ying@4编 |
| 801 | 0 | @aCN@bQSSK@c20060912 |
| 905 | @a10447@dN49@eZ218 | |
| 地球奇观/张小英编.-乌鲁木齐:新疆青少年出版社,2005.08 |
| 317页:图;20cm |
| ISBN 7-5371-4483-4:CNY16.80 |
| 收集了地球上自然科学领域的神奇现象,包括:奇异的彩色沙漠,世界最寒冷的乡村,失眠小镇,世界各地的怪湖,火山奇观等内容。 |
| ● |
| 相关链接 |
|
|
|
正题名:地球奇观
索取号:N49/Z218
 
预约/预借
| 序号 | 登录号 | 条形码 | 馆藏地/架位号 | 状态 | 备注 |
| 1 | 589441 | 205894415 | 自科库401/401自科库 141排1列21层/ [索取号:N49/Z218] | 在馆 | |
| 2 | 589442 | 205894424 | 期刊室512/401自科库 140排1列1层/ [索取号:N49/Z218] | 在馆 | |
| 3 | 589443 | 205894433 | 自科库401/ [索取号:N49/Z218] | 在馆 |